Úvěr jako privatizační alternativa.
Predloženie návrhu metódy privatizácie založenej na využití úveru (prevážne hypotečného). Táto metóda rieši nedostatok kapitálu, je rýchla, eliminuje nedostatky kupónovej privatizácie, na jej základe prejde majetok do súkromných rúk pomocou aukcií, vytvára skutočné trhové subjekty, ktoré sa aj trhov...
Salvato in:
| Autore principale: | |
|---|---|
| Natura: | Capitolo di libro |
| Lingua: | ceco |
| Soggetti: | |
| Tags: |
Nessun Tag, puoi essere il primo ad aggiungerne!!
|
MARC
| LEADER | 00000naa a2200000 4500 | ||
|---|---|---|---|
| 001 | r004952 | ||
| 005 | 20221125080953.8 | ||
| 041 | 0 | |a cze | |
| 044 | |a [CS] | ||
| 245 | 1 | 0 | |a Úvěr jako privatizační alternativa. |c O. Turek |
| 520 | |a Predloženie návrhu metódy privatizácie založenej na využití úveru (prevážne hypotečného). Táto metóda rieši nedostatok kapitálu, je rýchla, eliminuje nedostatky kupónovej privatizácie, na jej základe prejde majetok do súkromných rúk pomocou aukcií, vytvára skutočné trhové subjekty, ktoré sa aj trhovo správajú a je úzko spojená s protimonopolnou politikou. | ||
| 610 | 2 | 0 | |a úver hypotekárny |
| 610 | 2 | 0 | |a privatizácia |
| 610 | 2 | 0 | |a aukcie |
| 610 | 2 | 0 | |a ČSFR |
| 610 | 2 | 0 | |a politika protimonopolná |
| 100 | 1 | |a Turek, Otakar | |